| 000 | 00491nam a2200145Ia 4500 | ||
|---|---|---|---|
| 003 | OSt | ||
| 005 | 20260122105358.0 | ||
| 008 | 211028s2015 xx 000 0 und d | ||
| 040 | _cAIMIT LIBRARY | ||
| 041 | _aeng | ||
| 100 |
_aJobin, V X; Suresh, Rajani. _g1316066 _97339 |
||
| 245 | _aStudy on the level of employee engagement and the factors affecting level of employee engagement at vivanta by Taj whitefield Bangalore / | ||
| 260 |
_aMangalore _bRajani Suresh. _c2015 |
||
| 942 |
_2ddc _cPRO |
||
| 999 |
_c218909 _d218909 |
||